Cargando…

Diagnosis, Therapy, and Evidence : Conundrums in Modern American Medicine /

Detalles Bibliográficos
Clasificación:Libro Electrónico
Autor principal: Grob, Gerald N., 1931-
Otros Autores: Horwitz, Allan V.
Formato: Electrónico eBook
Idioma:Inglés
Publicado: New Brunswick, NJ : Rutgers University Press, 2010.
Colección:Critical issues in health and medicine.
Book collections on Project MUSE.
Temas:
Acceso en línea:Texto completo

MARC

LEADER 00000cam a22000004a 4500
001 musev2_6063
003 MdBmJHUP
005 20230905040720.0
006 m o d
007 cr||||||||nn|n
008 090224s2010 nju o 00 0 eng d
010 |z  2009008097 
020 |a 9780813548128 
020 |z 0813548128 
020 |z 9780813546711 
020 |z 0813546710 
035 |a (OCoLC)593295655 
040 |a MdBmJHUP  |c MdBmJHUP 
043 |a n-us--- 
050 0 4 |a RA418.3.U6  |b G76 2010 
082 0 |a 362.1  |2 22 
100 1 |a Grob, Gerald N.,  |d 1931- 
245 1 0 |a Diagnosis, Therapy, and Evidence :   |b Conundrums in Modern American Medicine /   |c Gerald N. Grob and Allan V. Horwitz. 
264 1 |a New Brunswick, NJ :  |b Rutgers University Press,  |c 2010. 
264 3 |a Baltimore, Md. :  |b Project MUSE,   |c 2012 
264 4 |c ©2010. 
300 |a 1 online resource (270 pages). 
336 |a text  |b txt  |2 rdacontent 
337 |a computer  |b c  |2 rdamedia 
338 |a online resource  |b cr  |2 rdacarrier 
490 0 |a Critical issues in health and medicine 
504 |a Includes bibliographical references and index. 
505 0 |a Rhetoric and reality in modern American medicine -- Medical rivalry and etiological speculation : the case of peptic ulcer -- How theory makes bad practice : the case of tonsillectomy -- How science tries to explain deadly diseases : coronary heart disease and cancer -- Transforming amorphous stress into discrete disorders : the case of anxiety -- Depression : creating consensus from diagnostic confusion -- Post-traumatic stress disorder : the result of abnormal environments or abnormal individuals?. 
588 |a Description based on print version record. 
650 2 2 |a Therapeutics  |x trends  |z United States. 
650 2 2 |a Disease  |x etiology  |z United States. 
650 2 2 |a Diagnosis  |z United States. 
650 1 2 |a Medicine  |x trends  |z United States. 
650 0 |a Diagnosis. 
650 0 |a Diseases and history  |z United States. 
650 0 |a Social medicine  |z United States. 
655 7 |a Electronic books.   |2 local 
700 1 |a Horwitz, Allan V. 
710 2 |a Project Muse.  |e distributor 
830 0 |a Critical issues in health and medicine. 
830 0 |a Book collections on Project MUSE. 
856 4 0 |z Texto completo  |u https://projectmuse.uam.elogim.com/book/6063/ 
945 |a Project MUSE - Custom Collection 
945 |a Project MUSE - 2010 History 
945 |a Project MUSE - 2010 Complete